000 01789nam a22002417a 4500
999 _c58575
_d58575
003 Ge_BSU
005 20220606133307.0
008 220606s2020 ge ||||| |||| 00| 0 geo d
020 _a9789941139475
041 _ageo
080 _a82.03=111=353.1 ჭ-87
100 _aჭურაძე, ეთერ
_913988
245 _aთარგმნისა და თარგმანის პრობლემები :
_bერნესტ ჰემინგუეის მოთხრობების ქართული თარგმანები /
_c ეთერ ჭურაძე ; სამეცნიერო რედაქტორი ინესა მერაბიშვილი ; რედაქტორი მარინე ოსაძე.
264 _aთბილისი :
_bივანე ჯავახიშვილის სახ. თბილისის სახელმწ. უნივერსიტეტის გამომცემლობა,
_c 2020.
300 _a288 გვ. ;
_b21 სმ.
500 _aეძღვნება მამის, მურად ჭურაძის ნათელ ხსოვნას.
504 _aბიბლიოგრაფია: გვ. 276-286.
520 _aრეზიუმე ინგლისურ ენაზე.
653 _aჰემინგუეი, ერნესტ, ამერიკელი მწერალი, 1899-1961.
653 _aამერიკული მოთხრობა -- ქართული თარგმანები. ამერიკული პროზა
700 _aმერაბიშვილი, ინესა
_eსამეცნიერო რედაქტორი
_913990
942 _2udc
_cBK